Responses for Show #8016 - Monday, June 17, 2019

2019 Teen Tournament quarterfinal game 1.

Contestants

[<< previous game]

Ryan Presler, an eighth grader from Sioux Falls, South Dakota

Stephanie Pierson, a junior from Macon, Georgia

Teagan O'Sullivan, a freshman from Charlotte, North Carolina

[next game >>]

Jeopardy! Round responses

VIRAL CHALLENGES
AROUND THE HOUSE
PEACHY
2018 ESPY WINNERS
"V"OCABULARY
(Alex: Each correct response will begin with the letter V.)
WHERE IS THAT MOUNT?
(Alex: All you have to do is identify the country.)
    $200 1
(Teagan: What are lip dubs?) [Originally ruled incorrect]
(Ryan: What are "limsick"-- [*]?)

lip synch challenges

TeaganRyan
    $200 6
a study

Ryan
    $200 9
cream

Stephanie
    $200 26
NASCAR

Stephanie
    $200 15
valedictorian

Ryan
    $200 10
Japan

Teagan
    $400 2
marshmallows

Ryan
    $400 7
cast iron

Teagan
    $400 19
Princess Peach

Teagan
    $400 27
the WNBA

Stephanie
    $400 16
vacuum

Stephanie
    $400 11
United States

Ryan
    $600 3
the mannequin challenge

Teagan
    $600 8
an insulator

Stephanie
    $600 20
Atlanta

Teagan
    $600 28
Aly Raisman

Teagan
    $600 25
vague

Ryan
    $600 12
Greece

Teagan
    $800 4
Charlie

Teagan
    $800 23
a vanity

Stephanie
    $800 21
a nectarine

Ryan
    $800 29
the Washington Capitals

Ryan
    $800 17
vicinity

Stephanie
    $800 13
Israel

Ryan
    $1000 5
Matilda

Teagan
    $2,000 24
(Stephanie: What is household?)

ergonomic

Stephanie
    $1000 22
cobbler

Ryan
    $1000 30
Nick Foles

Ryan
    $1000 18
(Alex: And that cute little fellow is a [*].)

vicuña

Triple Stumper
    $1000 14
Cambodia

Ryan

Scores at the first commercial break (after clue 15):

Teagan Stephanie Ryan
$3,800 $800 $3,200

Scores at the end of the Jeopardy! Round:

Teagan Stephanie Ryan
$5,400 $1,400 $7,400

Double Jeopardy! Round responses

A DAY IN JUNE
(Alex: How appropriate.)
PUNCTUATION
AN EXPLOSIVE CATEGORY
OLD BOOKS
PLANTS & TREES
"GOOD" ENTERTAINMENT
(Alex: With "good" coming up in each correct response.)
    $400 16
Niagara Falls

Teagan
    $400 28
a period

Teagan
    $400 20
dynamite

Stephanie
    $400 2
carpet

Ryan
    $400 8
cotton

Stephanie
    $400 12
The Good Dinosaur

Ryan
    $800 15
the Magna Carta

Ryan
    $800 22
quotes

Teagan
    $800 21
(Teagan: What is rocket?)
(Stephanie: What is firework?)
...
(Alex: You were closer. What is [*]?)

firecracker

TeaganStephanie
Triple Stumper
    $800 1
Psalms

Ryan
    $800 13
bulbs

Teagan
    $800 7
(Teagan: What is "Good at Goodbyes"?)

"Too Good at Goodbyes"

TeaganStephanie
    $1200 17
D-Day

Teagan
    $1200 23
parentheses

Stephanie
    $1200 29
implosion (implode accepted)

Teagan
    $1200 3
Egypt

Teagan
    $1200 9
eucalyptus

Teagan
    $1200 6
The Good Place

Ryan
    $1600 18
Madison

Ryan
    $1600 25
semicolons

Stephanie
    $1600 26
a volcano

Teagan
    $1600 4
Confucius

Teagan
    $1,500 14
aloe

Teagan
    $1600 10
(Ginnifer) Goodwin

Teagan
    $2000 19
Atlantic City

Teagan
    $2000 24
dash

Stephanie
    $2000 27
solar flares

Teagan
    $2,000 5
(Teagan: Who is Theseus?)

Oedipus

Teagan
    $2000 30
banyan trees

Triple Stumper
    $2000 11
(Alex: Two "good"s in that one.)

Goodbye and Good Riddance

Triple Stumper

Scores at the end of the Double Jeopardy! Round:

Teagan Stephanie Ryan
$19,300 $7,000 $12,600

Final Jeopardy! Round responses

NEW ENGLAND
(Alex: One of the joys of hosting the Teen Tournament is that, as Miss Jean Brodie would say, I get to deal with the crème de la crème. There were not many misses in the first two rounds of play, and you three wrote down your responses to this Final just like that, so I will assume you're all correct.)
StephanieWhat is Salem, MA?
$6,999
RyanWhat is Salem?
$6,701
TeaganWhat is Salem?
$5,901
Salem, Massachusetts

Final scores:

Teagan Stephanie Ryan
$25,201 $13,999 $19,301
Automatic semifinalist 3rd place: $5,000 if eliminated 2nd place: $5,000 if eliminated

Game dynamics:

Coryat scores:

Teagan Stephanie Ryan
$21,400 $9,000 $12,600
24 R
(including 1 DD),
3 W
(including 1 DD)
13 R,
2 W
(including 1 DD)
18 R,
0 W

Combined Coryat: $43,000

[game clues] [game scores] [suggest correction]

Game tape date: 2018-12-10
The J! Archive is created by fans, for fans. Scraping, republication, monetization, and malicious use prohibited; this site may use cookies and collect identifying information. See terms. The Jeopardy! game show and all elements thereof, including but not limited to copyright and trademark thereto, are the property of Jeopardy Productions, Inc. and are protected under law. This website is not affiliated with, sponsored by, or operated by Jeopardy Productions, Inc. Join the discussion at JBoard.tv.